| 000 | 00825nam a2200277 a 4500 | ||
|---|---|---|---|
| 001 | 3334936 | ||
| 003 | PILC | ||
| 005 | 20150515151843.0 | ||
| 008 | 850703s1985 inua b 001 0 eng | ||
| 010 | _a 85072106 | ||
| 020 | _a0672224461 | ||
| 040 |
_aDLC _cDLC _dDLC |
||
| 050 | 0 | 0 |
_aTK 5103 _b.C87 1985 |
| 082 | 0 | 0 | _a004.6/4 |
| 100 | 1 | _aCurtis, Carolyn. | |
| 245 | 1 | 0 |
_aModem connections bible / _cCarolyn Curtis, Daniel L. Majhor. |
| 250 | _a1st ed. | ||
| 260 |
_aIndianapolis, Ind., U.S.A. : _bH.W. Sams, _c1985. |
||
| 300 |
_aviii, 180 pages : _billustrations ; _c25 cm. |
||
| 500 | _aIncludes bibliographical references and index. | ||
| 521 | _aInformation Technology | ||
| 650 | 0 | _aModems. | |
| 700 | 1 | _aMajhor, Daniel L. | |
| 906 |
_a7 _bcbc _corignew _d2 _eopcn _f19 _gy-gencatlg |
||
| 942 |
_2lcc _cBK _kFOR |
||
| 999 |
_c283997 _d283997 |
||